LEGO Nexo Knights: Minifigures by Picture - Statistics

General Stats
  • This quiz has been taken 22 times
  • The average score is 12 of 40
Answer Stats
Picture Answer % Correct
Aaron Fox
94%
Axl
88%
Jestro
71%
Lance Richmond
59%
Merlok
59%
Ava Prentis
53%
Clay Moorington
53%
Macy Halbert
47%
Robin Underwood
47%
Moltor
41%
Beast Master
35%
Dennis
35%
Flama
35%
General Magmar
35%
Lavaria
35%
Monstrox
35%
King Halbert
29%
Queen Halbert
29%
Lord Krakenskull
24%
Robot Hoodlum
24%
Ruina Stoneheart
24%
Sparkks
24%
Whiparella
24%
Burnzie
18%
Chief Eclair
18%
Fancy Pants
18%
General Garg
18%
Hamletta
18%
Rogul
18%
Stone Colossus of Ultimate Destruction
18%
Berserker
12%
Book Keeper
12%
Fred
12%
Pola
12%
Reex
12%
Roog
12%
Rumble
12%
Cezar
6%
VanByter No. 307
6%
VanByter No. 407
6%
No matching quizzes found
Score Distribution
Percent of People with Each Score
Percentile by Number Answered
Your Score History
You have not taken this quiz